Hatalomelmélet, különös tekintettel az államra
Elmentve itt :
| Szerző: | |
|---|---|
| Adatforrás: | Philobibl |
| Dokumentumtípus: | Könyv |
| Nyelv: | magyar |
| Kulcsszavak: | hatalom állam politikai filozófia történetfilozófia |
| Megjelent: |
Budapest
Korona
2010
|
| Sorozat: | Bibliotheca iuridica
|
| LEADER | 00534nam a2200181 c 4500 | ||
|---|---|---|---|
| 001 | bibPHI0043382 | ||
| 005 | 20200924125001.1 | ||
| 008 | 110210t2010 hu b 00000 hun d | ||
| 100 | 1 | |a Samu Mihály | |
| 245 | 1 | 0 | |a Hatalomelmélet, különös tekintettel az államra |c Samu Mihály |
| 260 | |a Budapest |b Korona |c 2010 | ||
| 300 | |a 286 p. | ||
| 490 | 1 | |a Bibliotheca iuridica |p Publicationes cathedrarum |v 53. | |
| 695 | |a hatalom | ||
| 695 | |a állam | ||
| 695 | |a politikai filozófia | ||
| 695 | |a történetfilozófia | ||
| 830 | 0 | |a Bibliotheca iuridica | |